• 首页
  • 本馆介绍
  • 公告通知
  • 最新文献
  • 馆藏检索
  • 电子资源
  • 读者导购
  • 参考咨询
  • 我的图书馆
  • 登录
  • 详细信息显示
  • 放入我的书架
  • 预约/预借图书
  • 作者相关作品
  • 分类相关作品
  • 丛书相关作品
  • 出版社相关作品

书目信息

  • 表格格式
  • 工作单格式
  • 卡片格式
题名:
图说红木文化
    
 
作者: 余悦 主编
分册:  
出版信息: 西安   世界图书出版公司  2014
页数: 192页
开本: 23cm
丛书名: 大美中国茶
单 册:
中图分类: TS664.1
科图分类:
主题词: 红木科--hong mu ke--木家具--基本知识--中国
电子资源:
ISBN: 978-7-5100-8915-2
000 01476nam 2200277 450
001 2344248649
005 20231215121747.45
010    @a978-7-5100-8915-2@dCNY68.00
100    @a20150312d2014 em y0chiy50 ea
101 0  @achi
102    @aCN@b610000
105    @aa a 000yy
200 1  @a图说红木文化@Atu shui hong mu wen hua@f余悦主编
210    @a西安@c世界图书出版公司@d2014
215    @a192页@c彩图@d23cm
225 2  @a大美中国茶@Ada mei zhong guo cha
314    @a余悦, 祖籍江西省新建县。现任江西发展战略研究所所长、研究员, 江西省中国民俗文化研究中心主任, 旅游文化事务中心主任, 江西省中国茶文化研究中心副主任, 《江西社会科学》主编, 《农业考古-中国茶文化专号》顾问, 南昌大学文学院兼职教授、研究生导师, 《茶艺师国家职业标准》总主笔, 《茶艺师》全国统编培训鉴定教材主编, 兼任美国国际茶业科学文化研究会常务理事, 吴觉农茶学思想研究会常务理事, 中国国际茶文化研究会理事、副秘书长, 中国民俗学会常务理事, 中国民俗学会茶艺专业委员会主任, 江西省旅游文化研究会副会长等。
320    @a有书目 (第190页)
330    @a本书就红木器具在茶艺活动中, 针对各种茶类本身不同的属性, 选择相应红木类器具, 与茶艺结合的红木摆件、红木茶具并融合进多种艺术元素及具有特色的独特茶艺文化。使读者在阅读中对茶道中红木器具的选择有全新的理解。
410  0 @12001 @a大美中国茶
517 1  @a红木文化@Ahong mu wen hua
606 0  @a红木科@Ahong mu ke@x木家具@x基本知识@y中国
690    @aTS664.1@v5
701  0 @a余悦@Ayu yue@4主编
801  0 @aCN@b湖北三新@c20150312
905    @aZUCC@dTS664.1@e3
    
    图说红木文化/余悦主编.-西安:世界图书出版公司,2014
    192页:彩图;23cm.-(大美中国茶)
    
    
    ISBN 978-7-5100-8915-2:CNY68.00
    本书就红木器具在茶艺活动中, 针对各种茶类本身不同的属性, 选择相应红木类器具, 与茶艺结合的红木摆件、红木茶具并融合进多种艺术元素及具有特色的独特茶艺文化。使读者在阅读中对茶道中红木器具的选择有全新的理解。
●
相关链接 在五车中查询图书 在当当中查询图书 在豆瓣中查询图书


正题名:图说红木文化     索取号:TS664.1/3         预约/预借

序号 登录号 条形码 馆藏地/架位号 状态 备注
1 2001466331   2001466331   209书库/ [索取号:TS664.1/3] 在馆    
2 2001466332   2001466332   209书库/ [索取号:TS664.1/3] 在馆    
3 2001466333   2001466333   404传统文化书屋/404室B面1架3层1列/ [索取号:TS664.1/3] 在馆    
4 2001466334   2001466334   404传统文化书屋/404室B面1架3层1列/ [索取号:TS664.1/3] 在馆    
5 2001466335   2001466335   209书库/ [索取号:TS664.1/3] 在馆    
6 2001466336   2001466336   209书库/ [索取号:TS664.1/3] 在馆    
7 2001466337   2001466337   209书库/ [索取号:TS664.1/3] 在馆    
8 2001466338   2001466338   209书库/ [索取号:TS664.1/3] 在馆    
9 2001466339   2001466339   209书库/ [索取号:TS664.1/3] 在馆    
10 2001466340   2001466340   209书库/ [索取号:TS664.1/3] 在馆    
11 2001466341   2001466341   209书库/ [索取号:TS664.1/3] 在馆    
12 2001466342   2001466342   209书库/ [索取号:TS664.1/3] 在馆    
13 2001466343   2001466343   209书库/ [索取号:TS664.1/3] 在馆    
14 2001466344   2001466344   209书库/ [索取号:TS664.1/3] 在馆    
15 2001466345   2001466345   209书库/ [索取号:TS664.1/3] 在馆    
16 2001466346   2001466346   209书库/ [索取号:TS664.1/3] 在馆    
17 2001466347   2001466347   404传统文化书屋/404室B面1架3层1列/ [索取号:TS664.1/3] 在馆    
18 2001466348   2001466348   404传统文化书屋/404室B面1架3层1列/ [索取号:TS664.1/3] 在馆    
19 2001466349   2001466349   404传统文化书屋/404室B面1架3层1列/ [索取号:TS664.1/3] 在馆    
20 2001466350   2001466350   404传统文化书屋/404室B面1架3层1列/ [索取号:TS664.1/3] 在馆    
21 2001466351   2001466351   209书库/ [索取号:TS664.1/3] 在馆    
22 2001466352   2001466352   209书库/ [索取号:TS664.1/3] 在馆    
23 2001466353   2001466353   209书库/ [索取号:TS664.1/3] 在馆    
24 2001466354   2001466354   209书库/ [索取号:TS664.1/3] 在馆    
25 2001466355   2001466355   209书库/ [索取号:TS664.1/3] 在馆    
26 2001466356   2001466356   209书库/ [索取号:TS664.1/3] 在馆    
27 2001466357   2001466357   209书库/ [索取号:TS664.1/3] 在馆    
28 2001466358   2001466358   209书库/ [索取号:TS664.1/3] 在馆    
29 2001466359   2001466359   209书库/ [索取号:TS664.1/3] 在馆    
30 2001466360   2001466360   209书库/ [索取号:TS664.1/3] 在馆    
山东省滨州职业学院图书馆 欢迎您!
大连网信软件有限公司© 版权所有